[Event "AUT-ch U18"]
[Site "St Veit"]
[Date "2023.04.06"]
[Round "7"]
[White "Leitner, Thomas"]
[Black "Daxauer, Patrick"]
[Result "1-0"]
[WhiteElo "1764"]
[BlackElo "1341"]
[PlyCount "97"]
[EventDate "2023.04.02"]
[EventType "swiss"]
[EventRounds "7"]
[EventCountry "AUT"]
[SourceTitle "EXT 2024"]
[Source "ChessBase"]
[SourceDate "2023.10.10"]
[SourceVersion "1"]
[SourceVersionDate "2023.10.10"]
[SourceQuality "1"]

1. d4 d5 2. c4 e5 3. cxd5 Qxd5 4. Nf3 e4 5. Nc3 Bb4 6. Nd2 Qxd4 7. e3 Qe5 8. Qa4+ Nc6 9. Bb5 Qc5 10. Bxc6+ bxc6 11. Ndxe4 Qb5 12. Bd2 Qxa4 13. Nxa4 Bxd2+ 14. Nxd2 Nf6 15. Rc1 Ba6 16. Nc5 Bc8 17. Nf3 Rb8 18. Nd4 Rxb2 19. a4 Nd7 20. 0-0 Ne5 21. h3 0-0 22. f4 Nd7 23. Nxc6 Nxc5 24. Ne7+ Kh8 25. Rxc5 Rb7 26. Rfc1 Bd7 27. a5 c6 28. Nxc6 Bxc6 29. Rxc6 Kg8 30. a6 Re7 31. Rb1 h6 32. Rb7 Rfe8 33. Rcc7 Rxc7 34. Rxc7 Rxe3 35. Rxa7 Re6 36. Kf2 Kh7 37. Kf3 Kg6 38. g4 f5 39. Ra8 fxg4+ 40. hxg4 Kf6 41. Rf8+ Ke7 42. a7 Kxf8 43. a8Q+ Re8 44. Qd5 Re7 45. Kg3 Re8 46. Kh4 Re7 47. Kh5 Re8 48. Kg6 Re7 49. Qf5+ 1-0

[Event "AUT-ch U18"]
[Site "St Veit"]
[Date "2023.04.04"]
[Round "5"]
[White "Pribozic, Manuel"]
[Black "Daxauer, Patrick"]
[Result "1/2-1/2"]
[WhiteElo "1593"]
[BlackElo "1341"]
[PlyCount "88"]
[EventDate "2023.04.02"]
[EventType "swiss"]
[EventRounds "7"]
[EventCountry "AUT"]
[SourceTitle "EXT 2024"]
[Source "ChessBase"]
[SourceDate "2023.10.10"]
[SourceVersion "1"]
[SourceVersionDate "2023.10.10"]
[SourceQuality "1"]

1. e4 e6 2. d4 d5 3. Nd2 dxe4 4. Nxe4 Bd7 5. Nf3 Bc6 6. Ng3 Nd7 7. Be2 Ngf6 8. 0-0 Be7 9. Re1 0-0 10. Be3 b6 11. c4 Bb7 12. Qb3 c5 13. Rad1 Qc7 14. Bg5 Rfe8 15. Nf1 Rad8 16. Ne3 Ne4 17. Bxe7 Rxe7 18. d5 Ndf6 19. dxe6 Rxe6 20. Bd3 g6 21. Nd5 Bxd5 22. cxd5 Rxd5 23. Rc1 Rd8 24. Bc4 Re7 25. Qc2 Nd6 26. Be2 Nf5 27. Qa4 Nd4 28. Nxd4 Rxd4 29. Qxd4 cxd4 30. Rxc7 Rxc7 31. Bd3 Kf8 32. Kf1 Re7 33. Rd1 Rd7 34. Re1 Rd6 35. Rc1 Ke7 36. Ke2 Nd5 37. g3 Kf6 38. h3 Ke5 39. Kd2 f5 40. a3 h6 41. Re1+ Kf6 42. Rc1 g5 43. Re1 Re6 44. Rc1 Ke5 1/2-1/2

[Event "AUT-ch U18"]
[Site "St Veit"]
[Date "2023.04.02"]
[Round "2"]
[White "Wickramasinghe, Nathaniel"]
[Black "Daxauer, Patrick"]
[Result "1-0"]
[WhiteElo "1762"]
[BlackElo "1341"]
[PlyCount "67"]
[EventDate "2023.04.02"]
[EventType "swiss"]
[EventRounds "7"]
[EventCountry "AUT"]
[SourceTitle "EXT 2024"]
[Source "ChessBase"]
[SourceDate "2023.10.10"]
[SourceVersion "1"]
[SourceVersionDate "2023.10.10"]
[SourceQuality "1"]

1. e4 e5 2. Nf3 Nc6 3. Bc4 Bc5 4. c3 d6 5. d4 Bb6 6. dxe5 Qe7 7. exd6 Qxe4+ 8. Qe2 Qxe2+ 9. Kxe2 cxd6 10. Re1 Be6 11. Kf1 Kd7 12. Na3 Nf6 13. Ng5 d5 14. Bb3 h6 15. Nxe6 fxe6 16. Bf4 Rae8 17. Rad1 Rhf8 18. Re2 g5 19. Bg3 Nh5 20. Nc2 Nxg3+ 21. hxg3 Na5 22. Ba4+ Nc6 23. c4 Rf5 24. Nb4 d4 25. Nd3 Kd6 26. b4 Bc7 27. b5 Ref8 28. g4 R5f6 29. c5+ Ke7 30. bxc6 bxc6 31. Nb4 Bg3 32. Nxc6+ Ke8 33. Nxd4+ Ke7 34. Nf5+ 1-0

[Event "AUT-ch U10"]
[Site "Velden"]
[Date "2014.06.22"]
[Round "7"]
[White "Rohrleitner, Noel"]
[Black "Daxauer, Patrick"]
[Result "1/2-1/2"]
[WhiteElo "1273"]
[BlackElo "992"]
[PlyCount "63"]
[EventDate "2014.06.20"]
[EventType "swiss"]
[EventRounds "7"]
[EventCountry "AUT"]
[SourceTitle "EXT 2016"]
[Source "ChessBase"]
[SourceDate "2015.10.08"]
[SourceVersion "1"]
[SourceVersionDate "2015.10.08"]
[SourceQuality "1"]

1. d4 e6 2. c4 d5 3. Nc3 Nf6 4. Bg5 Be7 5. e3 Nc6 6. Nf3 0-0 7. Be2 b6 8. 0-0 Qd6 9. Bd3 Bb7 10. cxd5 exd5 11. Bc2 Rad8 12. Qd3 g6 13. h3 Qe6 14. Nd2 Rfe8 15. f4 Nb4 16. Qe2 Ba6 17. Qf2 Bxf1 18. Nxf1 Nxc2 19. Qxc2 Ne4 20. Nxe4 dxe4 21. Qxc7 Rd7 22. Qc3 Bxg5 23. fxg5 Qf5 24. h4 Qg4 25. g3 Qf3 26. Qc6 Rde7 27. a4 Qe2 28. Qc1 a5 29. Ra2 Qd3 30. Qc6 Re6 31. Qc1 Rd8 32. Qd2 1/2-1/2

[Event "AUT-ch U10"]
[Site "Velden"]
[Date "2014.06.21"]
[Round "5"]
[White "Daxauer, Patrick"]
[Black "Fitz, Simon"]
[Result "1/2-1/2"]
[WhiteElo "992"]
[BlackElo "1193"]
[PlyCount "81"]
[EventDate "2014.06.20"]
[EventType "swiss"]
[EventRounds "7"]
[EventCountry "AUT"]
[SourceTitle "EXT 2016"]
[Source "ChessBase"]
[SourceDate "2015.10.08"]
[SourceVersion "1"]
[SourceVersionDate "2015.10.08"]
[SourceQuality "1"]

1. e4 e5 2. Nf3 Nc6 3. d4 exd4 4. Nxd4 Nf6 5. Nc3 Bb4 6. Bd2 Nxd4 7. Bc4 0-0 8. Na4 Bxd2+ 9. Qxd2 Nc6 10. Qe3 Re8 11. Bd3 d5 12. f3 dxe4 13. fxe4 Nb4 14. 0-0-0 Nxd3+ 15. cxd3 Bg4 16. Rd2 Nd5 17. Qg3 Nf6 18. e5 b5 19. exf6 Qxf6 20. Qxg4 bxa4 21. Qxa4 Qg5 22. Qc2 c5 23. h3 h6 24. Qc3 Re2 25. g4 Rxd2 26. Qxd2 Qxd2+ 27. Kxd2 Rd8 28. Rf1 c4 29. Rf3 g6 30. Kc3 cxd3 31. Rxd3 Re8 32. b4 f5 33. gxf5 gxf5 34. Rf3 Rf8 35. Kd4 Kg7 36. Ke5 Kg6 37. a4 Rf6 38. a5 h5 39. h4 Rf7 40. b5 Rf6 41. b6 1/2-1/2